| 000 | 00000nam##2200000za#4500 |
| 001 | 9.652882 |
| 003 | CaOODSP |
| 005 | 20200330131018 |
| 007 | ta |
| 008 | 150407|1991||||xxc||||| f|0| 0 fre|d |
| 020 | |a0-662-58266-7 |
| 040 | |aCaOODSP|bfre |
| 041 | |aeng |
| 041 | |afre |
| 043 | |an-cn--- |
| 086 | 1 |aH42-2/51-1991 |
| 110 | 1 |aCanada.|bSanté et Bien-être social Canada. |bDirection générale de la protection de la santé. |
| 245 | 10|aTraitement des effets secondaires de la thérapeutique antirétrovirale / |cpar Anita Rachlis. |
| 260 | |aOttawa - Ontario : |bSanté et Bien-être social Canada. |c1991. |
| 300 | |aTexte français, 21p. : |bréférences ; |c28 cm. |
| 546 | |aBilingue |
| 563 | |aCouverture souple |
| 590 | |a92-02|b1992-01-10 |
| 691 | 07|aProtection de la santé|2gcpds |
| 720 | 1 |aRachlis, Anita |
| 776 | 0#|tTraitement des effets secondaires de la thérapeutique antirétrovirale : |w(CaOODSP)9.639928 |
| 776 | 0#|tAnti-retroviral treatment : |w(CaOODSP)9.695831 |
| 791 | |tAnti-retroviral treatment: side effect management / |eeng|w(CaOODSP)9.652881 |
| 986 | |aDD-91-4 |